Physiology and molecular biology of plants : (Record no. 88323)

MARC details
000 -LEADER
fixed length control field 00854nas a22002537a 4500
005 - DATE AND TIME OF LATEST TRANSACTION
control field 20140905111312.0
006 - FIXED-LENGTH DATA ELEMENTS--ADDITIONAL MATERIAL CHARACTERISTICS--GENERAL INFORMATION
fixed length control field a|||||r|||| 00| 0
007 - PHYSICAL DESCRIPTION FIXED FIELD--GENERAL INFORMATION
fixed length control field ta
008 - FIXED-LENGTH DATA ELEMENTS--GENERAL INFORMATION
fixed length control field 140905b xxu||||| |||| 00| 0 eng d
022 ## - INTERNATIONAL STANDARD SERIAL NUMBER
International Standard Serial Number 0971-5894 (print)
022 ## - INTERNATIONAL STANDARD SERIAL NUMBER
International Standard Serial Number 0974-0430 (Electronic)
082 ## - DEWEY DECIMAL CLASSIFICATION NUMBER
Classification number 581.7
245 ## - TITLE STATEMENT
Title Physiology and molecular biology of plants :
Remainder of title an international journal of functional plant biology
260 ## - PUBLICATION, DISTRIBUTION, ETC. (IMPRINT)
Place of publication, distribution, etc New Delhi
Name of publisher, distributor, etc Prof. H. S. Srivastava Foundation for Science and Society
Date of publication, distribution, etc 2014-
260 ## - PUBLICATION, DISTRIBUTION, ETC. (IMPRINT)
Place of publication, distribution, etc New Delhi
Name of publisher, distributor, etc Springer India
300 ## - PHYSICAL DESCRIPTION
Extent v.
Dimensions 24 cm (Pbk)
310 ## - CURRENT PUBLICATION FREQUENCY
Current publication frequency Quarterly
362 ## - DATES OF PUBLICATION AND/OR SEQUENTIAL DESIGNATION
Dates of publication and/or sequential designation Vol 20 No 1 Jan-March 2014
650 ## - SUBJECT ADDED ENTRY--TOPICAL TERM
Topical term or geographic name as entry element Plant Physiology
650 ## - SUBJECT ADDED ENTRY--TOPICAL TERM
Topical term or geographic name as entry element Plant Molecular biology
856 ## - ELECTRONIC LOCATION AND ACCESS
Uniform Resource Identifier <a href="www.springer.com/12298">www.springer.com/12298</a>
270 ## - ADDRESS
Address 10B/7, Madan Mohan Malviya Marg,
City Lucknow
942 ## - ADDED ENTRY ELEMENTS (KOHA)
Source of classification or shelving scheme Dewey Decimal Classification
Item type Periodicals
Classification part 581.7
Serial record 1
Holdings
Withdrawn status Lost status Source of classification or shelving scheme Damaged status Not for loan Collection code Home library Current library Date acquired Total Checkouts Full call number Date last seen Price effective from Koha item type
    Dewey Decimal Classification   Not For Loan Non-fiction D.B.Act.Division D.B.Act.Division 05/09/2014   581.7 05/09/2014 05/09/2014 Periodicals

© Delhi Public Library
Hit Counter
free hit counter